000 00510nam a2200193Ia 4500
008 090123s9999 xx 000 0 und d
082 _b43350
100 _aकाळे व.पु
245 _aचतुर्भुज
250 _a1
260 _c2008
300 _a125
600 _aकाळे व.पु
630 _aचतुर्भुज
700 _aकाळे व.पु
700 _aगडकरी मृणालिनी
730 _aचतुर्भुज
942 _cBOOK
999 _c81457
_d81457